000 00445nam a2200133Ia 4500
005 20260326235439.0
008 260326s9999||||xx |||||||||||||| ||und||
100 _aParedes Guerrero,Blanca
245 0 _aMemorias II :
_b Anuario de Investigación sobre Conservación, Historia y critica del... /
_cBlanca Paredes Guerrero
260 _bUniversidad Autónoma de Yucatán
300 _a334 p.
650 _aRESATURACIÓN Y CONSERVACIÓN
942 _cBK
999 _c7330
_d7330